000
00296 a2200145 4500
001
180618
020
_a
040
_c
Magnum
100
_a
-
240
1
0
_a
Foz do iguacu/edelbra
_l
por
245
1
0
_a
Foz do iguacu/edelbra
362
0
_a
1899
697
_a
MAGNITO: I/PARADIDATICO
942
_c
BK
999
_c
180618
_d
180618